1267 1902 1604 1125 1121 1852 1757 1391 1720 1272 1832 1454 1618 1175 1594 1518 1885 1732 1868 1169 1053 1096 1449 1570 1011 1539 1449 1629 1469 1098 1658 1925 1035 1030 1513 1892 1220 1376 1475 1839 1789 1329 1371 1305 1763 1904 1020 1963 1484 1958 1193 1563 1837 1083 1885 1798 1299 1912 1085 1511 1621 1268 1242 1696 1224 1723 1503 1831 1223 1652 1836 1782 1577 1805 1912 1511 1731 1173 1010 1700 1524 1652 1708 1367 1396 1039 1469 1366 1516 1708 1488 1960 1998 1192 1002 1243 1315 1554 1378 BCNSPRNW ULIB Ver.6.0+V

เปลี่ยนเป็นภาษาไทย

Change to English
 แสดงรายละเอียดบรรณานุกรม
  กลับหน้าหลัก

Brief Record : Get Marc (ISO 2709) : E-mail record : QR code < ปิดหน้าต่าง
LEADER : 00000nam 2200000uu 4500
001    13399126647
003     ULIB
008    190130s2560||||th 000 0 tha d
020    ^a9786164072565
060    ^aWO925^bพ997ก
100    ^aไพศาล เวชชพิพัฒน์
245    ^aกุมารศัลยศาสตร์พื้นฐาน BASIC PEDIATRIC SURGERY/^cไพศาล เวชชพิพัฒน์
250    ^aพิมพ์ครั้งที่ 1
260    ^aกรุงเทพฯ :^bเท็กซ์ แอนด์ เจอร์นัล พับลิเคชั่น,^c2560
300    ^a233 หน้า:^bภาพประกอบ,^c26ซม.
650    ^aกุมารศัลยศาสตร์
650    ^aศัลยศาสตร์
945    ^p350^l0^i26914
945    ^p350^l0^i26913
945    ^p350^l0^i26912
945    ^p350^l0^i26911
999    ^aกัณชพร จุลอักษร
รายการนี้ยังไม่มีแท็ก
คุณยังไม่ได้ล็อกอิน คุณสามารถมีกิจกรรมร่วมกับเว็บไซต์ได้ แต่ต้องล็อกอินก่อน ::
  ล็อกอิน

รายการสื่อสารสนเทศ

ลำดับที่ ประเภท เลขเรียก/บาร์โค้ด สถานที่ สถานะ
1. หนังสือสำรอง
หนังสือสำรอง
WO925 พ997ก ฉ.1 
  Barcode: 26911
ห้องสมุดวิทยาเขตนครสวรรค์
►หนังสือทั่วไป:l:General Books
บนชั้น
2. วิทยาศาสตร์การแพทย์ และสุขภาพ
วิทยาศาสตร์การแพทย์ และสุขภาพ
WO925 พ997ก ฉ.2 
  Barcode: 26912
ห้องสมุดวิทยาเขตนครสวรรค์
►หนังสือทั่วไป:l:General Books
บนชั้น
3. วิทยาศาสตร์การแพทย์ และสุขภาพ
วิทยาศาสตร์การแพทย์ และสุขภาพ
WO925 พ997ก ฉ.3 
  Barcode: 26913
ห้องสมุดวิทยาเขตนครสวรรค์
►หนังสือทั่วไป:l:General Books
บนชั้น
4. วิทยาศาสตร์การแพทย์ และสุขภาพ
วิทยาศาสตร์การแพทย์ และสุขภาพ
WO925 พ997ก ฉ.4 
  Barcode: 26914
ห้องสมุดวิทยาเขตนครสวรรค์
►หนังสือทั่วไป:l:General Books
บนชั้น

รายการใกล้เคียง
    ผู้แต่ง [ไพศาล เวชชพิพัฒน์]

    หัวเรื่อง [กุมารศัลยศาสตร์]
    หัวเรื่อง [ศัลยศาสตร์]

BibComment


ยังไม่เคยถูกคอมเมนท์

คอมเมนท์ทรัพยากรรายการนี้
  คอมเมนท์: กุมารศัลยศาสตร์พ..


 Copyright 2026. Bcnsprnw @Library